[Event "Toronto int."]
[Site "Toronto CAN"]
[Date "1997.05.17"]
[Round "3"]
[White "Day, Lawrence"]
[Black "Heringer, Chris"]
[Result "1-0"]
[WhiteElo "2486"]
[BlackElo "2230"]
[PlyCount "101"]
[GameId "2160767911965998"]
[EventDate "1997.05.16"]
[EventType "swiss"]
[EventRounds "7"]
[EventCountry "CAN"]

1. e4 c6 2. d4 d5 3. e5 Bf5 4. h4 h5 5. c4 e6 6. Nc3 dxc4 7. Bxc4 Nd7 8. Nge2 Nb6 9. Bb3 Qd7 10. Ng3 Bg6 11. Bg5 f6 12. exf6 gxf6 13. Be3 O-O-O 14. Qe2 Nd5 15. Nge4 Nxc3 16. Nxc3 Bd6 17. Qc4 Bf5 18. d5 exd5 19. Nxd5 Be6 20. Nb6+ axb6 21. Qxe6 Qxe6 22. Bxe6+ Kc7 23. O-O-O Ne7 24. g3 c5 25. Rhe1 Nc6 26. f4 Rde8 27. Bc4 Nd4 28. Bf2 b5 29. Bd5 Re2 30. Rxe2 Nxe2+ 31. Kd2 Nd4 32. Kd3 b6 33. a3 c4+ 34. Kc3 Nb3 35. Bf3 Nc5 36. Rd5 Nd3 37. Bxb6+ Kd7 38. Rxh5 Rxh5 39. Bxh5 Nc5 40. Kb4 Ne4+ 41. Kxb5 c3 42. Bg4+ Ke7 43. bxc3 Bxa3 44. Ba5 Bc1 45. c4 Nxg3 46. f5 Bf4 47. c5 Ne4 48. Kc6 Bg3 49. h5 Kf7 50. Kd7 Kg7 51. c6 1-0

[Event "Toronto int."]
[Site "Toronto CAN"]
[Date "1997.05.17"]
[Round "3"]
[White "Filipovich, David"]
[Black "Ciaffone, Robert"]
[Result "1/2-1/2"]
[WhiteElo "2332"]
[BlackElo "2305"]
[PlyCount "55"]
[GameId "2160767911965999"]
[EventDate "1997.05.16"]
[EventType "swiss"]
[EventRounds "7"]
[EventCountry "CAN"]

1. Nf3 d5 2. g3 g6 3. Bg2 Bg7 4. d4 c6 5. c4 dxc4 6. Na3 Qa5+ 7. Bd2 Qa6 8. O-O b5 9. Qc1 Bb7 10. b3 cxb3 11. axb3 Qb6 12. Be3 Nd7 13. Ne5 Bxe5 14. dxe5 c5 15. e6 fxe6 16. Bxb7 Qxb7 17. Bxc5 b4 18. Nb1 Ngf6 19. Rxa7 Rxa7 20. Bxa7 Kf7 21. Bd4 Rc8 22. Qe3 Qe4 23. Qxe4 Nxe4 24. f3 Nd6 25. Rd1 Rc2 26. Kf2 Nb5 27. Be3 Nf6 28. Rd8 1/2-1/2

[Event "Toronto int."]
[Site "Toronto CAN"]
[Date "1997.05.17"]
[Round "3"]
[White "Gregorz, Ralph"]
[Black "Mihaljevic, Josip"]
[Result "1/2-1/2"]
[WhiteElo "2137"]
[BlackElo "2370"]
[PlyCount "103"]
[GameId "2160767911966000"]
[EventDate "1997.05.16"]
[EventType "swiss"]
[EventRounds "7"]
[EventCountry "CAN"]

1. c4 g6 2. Nf3 Bg7 3. d4 c5 4. e3 Nf6 5. Nc3 O-O 6. Be2 d5 7. dxc5 Qa5 8. O-O dxc4 9. Bxc4 Qxc5 10. Qe2 Nc6 11. h3 Na5 12. Bd3 Be6 13. Rd1 Rfd8 14. Bd2 Bc4 15. Bxc4 Qxc4 16. Be1 Ne8 17. Rxd8 Rxd8 18. Qxc4 Nxc4 19. Rb1 Ned6 20. Kf1 Rc8 21. Nd1 b5 22. Bc3 Ne4 23. Ke2 Nxc3+ 24. bxc3 a6 25. Rb4 Nb6 26. Rb3 Na4 27. Kd2 e5 28. Rb4 f6 29. Rb1 Bf8 30. Ne1 Kf7 31. Nd3 Rd8 32. Ke2 e4 33. N3b2 Nb6 34. Rc1 Ba3 35. Rc2 Rc8 36. Kd2 Ke6 37. f3 Kd5 38. Ke2 Bxb2 39. Rxb2 Nc4 40. Rb1 f5 41. Nf2 exf3+ 42. gxf3 Ne5 43. e4+ fxe4 44. Nxe4 Rc6 45. Rd1+ Ke6 46. Rd8 Nd7 47. Ra8 Kf5 48. Ra7 Nf6 49. Rf7 h6 50. Ke3 g5 51. Kd4 Rc4+ 52. Ke3 1/2-1/2

[Event "Toronto int."]
[Site "Toronto CAN"]
[Date "1997.05.17"]
[Round "3"]
[White "Gurevich, Dmitry"]
[Black "Ziatdinov, Raset"]
[Result "0-1"]
[WhiteElo "2580"]
[BlackElo "2485"]
[PlyCount "68"]
[GameId "2160767911966001"]
[EventDate "1997.05.16"]
[EventType "swiss"]
[EventRounds "7"]
[EventCountry "CAN"]

1. Nf3 d5 2. c4 e6 3. e3 Nf6 4. a3 Be7 5. b4 O-O 6. Bb2 a5 7. b5 c6 8. Nc3 Nbd7 9. Qc2 e5 10. cxd5 cxd5 11. Be2 Bd6 12. g4 d4 13. exd4 e4 14. Ng5 Re8 15. Bc4 Re7 16. Nxf7 Rxf7 17. g5 Nh5 18. Bxf7+ Kxf7 19. Qb3+ Kf8 20. Nxe4 Qe7 21. Qf3+ Nf4 22. O-O Nb6 23. Rfe1 Nbd5 24. Nxd6 Qxd6 25. a4 Qg6 26. Re5 Bf5 27. h4 Rd8 28. Rae1 Kg8 29. Kh2 Qf7 30. Ba3 Bg6 31. Be7 Ra8 32. R5e3 Nxe3 33. Rxe3 Nd3 34. Qxb7 Qe8 0-1

[Event "Toronto int."]
[Site "Toronto CAN"]
[Date "1997.05.17"]
[Round "3"]
[White "Hua, Lefong"]
[Black "Djerkovic, Miladin"]
[Result "1/2-1/2"]
[WhiteElo "2276"]
[BlackElo "2388"]
[PlyCount "117"]
[GameId "2160767911966002"]
[EventDate "1997.05.16"]
[EventType "swiss"]
[EventRounds "7"]
[EventCountry "CAN"]

1. d4 Nf6 2. c4 e6 3. Nf3 b6 4. Bf4 Bb7 5. e3 Be7 6. h3 O-O 7. Be2 c5 8. O-O cxd4 9. Nxd4 d5 10. Nc3 Nbd7 11. Bh2 a6 12. Rc1 dxc4 13. Bxc4 b5 14. Bxe6 fxe6 15. Nxe6 Qe8 16. Nxf8 Bxf8 17. Bd6 Qe6 18. Bxf8 Rxf8 19. Qd4 Ne5 20. f3 Nh5 21. Ne2 Bxf3 22. Nf4 Nxf4 23. exf4 Qg6 24. Qd2 Nc4 25. Rxc4 Bxg2 26. f5 Qb6+ 27. Kxg2 bxc4 28. Qd5+ Kh8 29. Rf2 Rc8 30. Re2 Qf6 31. Qe4 Rf8 32. h4 h6 33. Rf2 g6 34. Qxc4 gxf5 35. Qc3 Qxc3 36. bxc3 Kg7 37. Rd2 Rf6 38. Rd5 Kg6 39. c4 Rc6 40. Kg3 Kf6 41. Ra5 h5 42. Kf3 Ke6 43. Kg3 Rxc4 44. Rxa6+ Ke5 45. Rh6 Rc3+ 46. Kf2 Kf4 47. Rxh5 Rc2+ 48. Kf1 Rxa2 49. Rg5 Ke4 50. Rg3 Rh2 51. Ra3 f4 52. h5 Rxh5 53. Kf2 Rh2+ 54. Kf1 Rb2 55. Rc3 f3 56. Rc8 Rb1+ 57. Kf2 Rb2+ 58. Kf1 Rb3 59. Kf2 1/2-1/2

[Event "Toronto int."]
[Site "Toronto CAN"]
[Date "1997.05.17"]
[Round "3"]
[White "Kamberi, Sonny"]
[Black "Hum, Peter"]
[Result "1-0"]
[WhiteElo "2318"]
[BlackElo "2237"]
[PlyCount "63"]
[GameId "2160767911966003"]
[EventDate "1997.05.16"]
[EventType "swiss"]
[EventRounds "7"]
[EventCountry "CAN"]

1. e4 c5 2. Nf3 Nc6 3. d4 cxd4 4. Nxd4 e6 5. Nc3 Qc7 6. f4 a6 7. Nxc6 Qxc6 8. Bd3 b5 9. Qe2 Bb7 10. Bd2 Nf6 11. e5 Qxg2 12. Qxg2 Bxg2 13. Rg1 Bc6 14. exf6 gxf6 15. Be3 d6 16. O-O-O h5 17. Ne4 Be7 18. c3 O-O-O 19. Rg7 Be8 20. Rdg1 Kb7 21. Rg8 Rxg8 22. Rxg8 Rc8 23. Kd2 f5 24. Ng5 Bf6 25. Bd4 Bxd4 26. cxd4 Kc7 27. Rh8 Kc6 28. Be2 h4 29. Bh5 Kd5 30. Bxf7 Bd7 31. Rxc8 Bxc8 32. Kd3 1-0

[Event "Toronto int."]
[Site "Toronto CAN"]
[Date "1997.05.17"]
[Round "3"]
[White "Kiviaho, Robert"]
[Black "Allan, Denis"]
[Result "0-1"]
[WhiteElo "2331"]
[BlackElo "2394"]
[PlyCount "92"]
[GameId "2160767911966004"]
[EventDate "1997.05.16"]
[EventType "swiss"]
[EventRounds "7"]
[EventCountry "CAN"]

1. e4 e5 2. Nf3 Nc6 3. Bb5 Nge7 4. O-O Ng6 5. d4 exd4 6. Nxd4 Bc5 7. Nf5 O-O 8. Qh5 d6 9. Nc3 Nd4 10. Bg5 f6 11. Nxd4 Bxd4 12. Bc4+ Kh8 13. Bd2 c6 14. Kh1 f5 15. Ne2 Bb6 16. Bd3 Ne5 17. Ng3 f4 18. Nf5 g6 19. Qh6 gxf5 20. Bc3 fxe4 21. Bxe4 Bf5 22. Qxf4 Bg6 23. Qg4 Qf6 24. Qe2 Bxe4 25. Qxe4 Qf4 26. Qe2 Kg8 27. h3 Rae8 28. Rad1 d5 29. Rde1 Ng6 30. Qxe8 Rxe8 31. Rxe8+ Kf7 32. Ree1 Bc7 33. g3 Qf5 34. Kg2 d4 35. Bd2 Qxc2 36. Bg5 Ba5 37. Rc1 Qe4+ 38. f3 Qd5 39. h4 d3 40. a3 c5 41. b4 Bb6 42. bxc5 Bxc5 43. Kh3 b6 44. f4 h5 45. g4 d2 46. Rcd1 Qd3+ 0-1

[Event "Toronto int."]
[Site "Toronto CAN"]
[Date "1997.05.17"]
[Round "3"]
[White "Krupka, David"]
[Black "Linskiy, Oleg"]
[Result "0-1"]
[WhiteElo "2300"]
[BlackElo "2415"]
[PlyCount "102"]
[GameId "2160767911966005"]
[EventDate "1997.05.16"]
[EventType "swiss"]
[EventRounds "7"]
[EventCountry "CAN"]

1. d4 d5 2. Nf3 Bf5 3. c4 e6 4. Nc3 Nf6 5. Bg5 c6 6. e3 Be7 7. Bd3 Bxd3 8. Qxd3 Nbd7 9. O-O O-O 10. cxd5 exd5 11. Bxf6 Nxf6 12. Rab1 a5 13. a3 Bd6 14. Qc2 Qe7 15. g3 g6 16. Ne1 Ne4 17. Nxe4 dxe4 18. Qc4 a4 19. Nc2 Ra5 20. b4 Rh5 21. Rfd1 Qd7 22. Qf1 Rd5 23. Rdc1 Kg7 24. Ne1 f5 25. f4 exf3 26. Nxf3 h6 27. Rc2 g5 28. Qg2 Qe6 29. Re2 Qe4 30. Nd2 Qd3 31. Rb2 Qxa3 32. Nc4 Qc3 33. Nb6 a3 34. Rbc2 a2 35. Rxa2 Rb5 36. Nd7 Rf7 37. Nc5 Rxb4 38. h4 Bxc5 39. dxc5 Qxc5 40. Rac2 Qe5 41. h5 c5 42. Rcd2 Re4 43. Kh2 c4 44. Rb2 b5 45. Ra2 b4 46. Ra6 b3 47. Rd2 Rh4+ 48. Kg1 Qxe3+ 49. Qf2 Qxf2+ 50. Rxf2 Re4 51. Rd2 c3 0-1

[Event "Toronto int."]
[Site "Toronto CAN"]
[Date "1997.05.17"]
[Round "3"]
[White "Kudrin, Sergey"]
[Black "Psakhis, Lev"]
[Result "1/2-1/2"]
[WhiteElo "2515"]
[BlackElo "2610"]
[PlyCount "30"]
[GameId "2160767911966006"]
[EventDate "1997.05.16"]
[EventType "swiss"]
[EventRounds "7"]
[EventCountry "CAN"]

1. e4 e6 2. d4 d5 3. Nd2 c5 4. exd5 Qxd5 5. Ngf3 cxd4 6. Bc4 Qd6 7. O-O Nf6 8. Nb3 Nc6 9. Nbxd4 Nxd4 10. Nxd4 Bd7 11. c3 Qc7 12. Qe2 Bd6 13. Nb5 Bxb5 14. Bxb5+ Ke7 15. g3 Rhd8 1/2-1/2

[Event "Toronto int."]
[Site "Toronto CAN"]
[Date "1997.05.17"]
[Round "3"]
[White "Livshits, Ron"]
[Black "Nash, Barry"]
[Result "1-0"]
[WhiteElo "2485"]
[BlackElo "2362"]
[PlyCount "61"]
[GameId "2160767911966007"]
[EventDate "1997.05.16"]
[EventType "swiss"]
[EventRounds "7"]
[EventCountry "CAN"]

1. d4 f5 2. g3 d6 3. Nf3 Nf6 4. Bg2 c6 5. c4 g6 6. O-O Bg7 7. Nc3 O-O 8. Qc2 Na6 9. a3 c5 10. d5 Nc7 11. b4 cxb4 12. axb4 Ne4 13. Bb2 Bxc3 14. Bxc3 Nxc3 15. Qxc3 b5 16. Nd4 bxc4 17. Qxc4 a6 18. e4 Bd7 19. exf5 gxf5 20. Rfe1 Nb5 21. Nc6 Bxc6 22. dxc6+ Kh8 23. c7 Qxc7 24. Qxc7 Nxc7 25. Bxa8 Rxa8 26. Rxe7 Nd5 27. Rb7 f4 28. Rd1 Nc3 29. Rxd6 f3 30. Rdd7 Re8 31. Rxh7+ 1-0

[Event "Toronto int."]
[Site "Toronto CAN"]
[Date "1997.05.17"]
[Round "3"]
[White "Ruiz, Richard"]
[Black "Milicevic, Goran"]
[Result "0-1"]
[WhiteElo "2151"]
[BlackElo "2380"]
[PlyCount "108"]
[GameId "2160767911966008"]
[EventDate "1997.05.16"]
[EventType "swiss"]
[EventRounds "7"]
[EventCountry "CAN"]

1. Nf3 Nf6 2. c4 e6 3. g3 d5 4. Bg2 Be7 5. Qc2 O-O 6. O-O c5 7. d4 cxd4 8. Nxd4 Nc6 9. Nxc6 bxc6 10. Nc3 Bb7 11. Rd1 Qb6 12. Be3 Qa6 13. cxd5 cxd5 14. Qa4 Rfc8 15. Bd4 Qxa4 16. Nxa4 Bc6 17. Nc3 Rab8 18. e3 a5 19. b3 Nd7 20. f4 f5 21. Bf1 Ba3 22. Nb1 Bd6 23. Nd2 Bb5 24. Bxb5 Rxb5 25. Rac1 Rbb8 26. Nf3 Ba3 27. Rxc8+ Rxc8 28. Rd2 h6 29. Bb2 Bxb2 30. Rxb2 Rc1+ 31. Kg2 Rc3 32. Re2 Kf7 33. Nd4 Nf6 34. h3 g5 35. Nf3 g4 36. Ne5+ Ke8 37. hxg4 fxg4 38. Ng6 Ne4 39. Ne5 h5 40. Ng6 Kd7 41. Ne5+ Kc7 42. Ng6 Kd6 43. Ne5 d4 44. exd4 Rxg3+ 45. Kh2 Kd5 46. Rc2 Rh3+ 47. Kg2 Kxd4 48. Re2 Rg3+ 49. Kh2 Rc3 50. Kg1 Nf6 51. Nc4 h4 52. Nd6 Rc1+ 53. Kg2 Nd5 54. Kh2 g3+ 0-1

[Event "Toronto int."]
[Site "Toronto CAN"]
[Date "1997.05.17"]
[Round "3"]
[White "Saleh, Maher"]
[Black "Ilic, Stanimir"]
[Result "1-0"]
[WhiteElo "2368"]
[BlackElo "2329"]
[PlyCount "155"]
[GameId "2160767911966009"]
[EventDate "1997.05.16"]
[EventType "swiss"]
[EventRounds "7"]
[EventCountry "CAN"]

1. Nf3 d5 2. g3 Nf6 3. Bg2 Nbd7 4. d4 e6 5. O-O Be7 6. c4 c6 7. Qc2 O-O 8. Nbd2 b6 9. e4 dxe4 10. Nxe4 Nxe4 11. Qxe4 Bb7 12. Rd1 Re8 13. Bf4 Rc8 14. Ne5 Bf6 15. Rac1 Qe7 16. a3 a5 17. Qe1 a4 18. c5 Bxe5 19. Bxe5 b5 20. h4 Nf6 21. Bxf6 Qxf6 22. Qe5 Qe7 23. Rd2 Red8 24. h5 h6 25. Rcd1 Rc7 26. Be4 Bc8 27. Bb1 Rd5 28. Qe4 Kf8 29. Qh7 Qf6 30. Be4 Rd8 31. Rd3 Qg5 32. Bg6 Ke7 33. Qxg7 Qf6 34. Qxf6+ Kxf6 35. Be4 Kg5 36. Bf3 Bd7 37. Kf1 Be8 38. Re3 Rb7 39. Re5+ Kf6 40. Re4 b4 41. Rd3 Ke7 42. g4 bxa3 43. bxa3 Rb3 44. Ree3 Rdb8 45. Bd1 Rb1 46. Kg2 Ra8 47. f4 Rab8 48. g5 R8b2+ 49. Kg3 f5 50. gxh6 Bd7 51. h7 Rb8 52. Bxa4 Rh8 53. Bd1 Rxh7 54. Kh4 Be8 55. Rh3 Rg7 56. Rhg3 Rh7 57. Rg5 Kf6 58. Kg3 Rg7 59. Rxg7 Kxg7 60. Bf3 Kh6 61. Re3 Bd7 62. Bxc6 Bxc6 63. Rxe6+ Kxh5 64. Rxc6 Rb3+ 65. Kf2 Kg4 66. d5 Kxf4 67. d6 Rb2+ 68. Ke1 Ke3 69. Kd1 Kd3 70. Rb6 Rh2 71. Rb3+ Kc4 72. d7 Rh1+ 73. Ke2 Rh2+ 74. Ke3 f4+ 75. Kxf4 Rd2 76. c6 Kxb3 77. Ke5 Kxa3 78. Ke6 1-0

[Event "Toronto int."]
[Site "Toronto CAN"]
[Date "1997.05.17"]
[Round "3"]
[White "Spraggett, Grant"]
[Black "Rajlich, Vasik"]
[Result "0-1"]
[WhiteElo "2432"]
[BlackElo "2341"]
[PlyCount "62"]
[GameId "2160767911966010"]
[EventDate "1997.05.16"]
[EventType "swiss"]
[EventRounds "7"]
[EventCountry "CAN"]

1. c4 Nf6 2. g3 g6 3. Bg2 Bg7 4. Nc3 O-O 5. e4 d6 6. Nge2 c5 7. O-O Nc6 8. d3 Rb8 9. Rb1 a6 10. a3 b5 11. cxb5 axb5 12. b4 cxb4 13. axb4 Nd7 14. Bg5 Ba6 15. Qd2 Nb6 16. Rfc1 Qd7 17. Bh6 Bxh6 18. Qxh6 Rfc8 19. f4 e6 20. g4 Rc7 21. f5 Qe7 22. Qe3 exf5 23. gxf5 gxf5 24. Qg3+ Kh8 25. exf5 Ne5 26. Qe3 Qh4 27. Ne4 Rxc1+ 28. Rxc1 Rg8 29. N2g3 Nd5 30. Qd4 Nf4 31. Qxd6 Nfxd3 0-1

[Event "Toronto int."]
[Site "Toronto CAN"]
[Date "1997.05.17"]
[Round "3"]
[White "Teodoro, Eduardo"]
[Black "Campbell, Brett"]
[Result "1-0"]
[WhiteElo "2440"]
[BlackElo "2325"]
[PlyCount "89"]
[GameId "2160767911966011"]
[EventDate "1997.05.16"]
[EventType "swiss"]
[EventRounds "7"]
[EventCountry "CAN"]

1. e4 g6 2. d4 Bg7 3. f4 d5 4. e5 h5 5. c4 c6 6. Nc3 Nh6 7. Nf3 dxc4 8. Bxc4 Bg4 9. Be3 e6 10. h3 Nf5 11. Bf2 Bxf3 12. Qxf3 h4 13. Rd1 Nd7 14. Qg4 Nb6 15. Bd3 Nd5 16. Bxf5 exf5 17. Qf3 Qa5 18. O-O O-O-O 19. Rfe1 Nc7 20. Re2 Bf8 21. a3 Be7 22. Rc2 Kb8 23. Rb1 Nd5 24. b4 Qxa3 25. b5 Bb4 26. Nxd5 cxd5 27. Qxa3 Bxa3 28. Ra2 Be7 29. Rba1 Kc7 30. Rxa7 Rb8 31. R1a6 Rhd8 32. Be1 Kc8 33. Ba5 Rd7 34. e6 Rd6 35. exf7 Kd7 36. Rxd6+ Bxd6 37. Bb6 Ke7 38. Bc5 Kd7 39. Bxd6 Kxd6 40. Rxb7 Rf8 41. Rb6+ Ke7 42. Rxg6 Kxf7 43. Rd6 Rb8 44. Rxd5 Ke6 45. Re5+ 1-0

[Event "Toronto int."]
[Site "Toronto CAN"]
[Date "1997.05.17"]
[Round "3"]
[White "Thiele, Frank"]
[Black "Craggs, Michael"]
[Result "1-0"]
[WhiteElo "2076"]
[BlackElo "1725"]
[PlyCount "85"]
[GameId "2160767911966012"]
[EventDate "1997.05.16"]
[EventType "swiss"]
[EventRounds "7"]
[EventCountry "CAN"]

1. e4 d6 2. d4 e6 3. Nf3 Be7 4. Bd3 Nd7 5. O-O e5 6. c3 b6 7. Qa4 Ngf6 8. dxe5 Ng4 9. exd6 Bxd6 10. e5 Ngxe5 11. Nxe5 Bxe5 12. Qe4 Rb8 13. f4 Bb7 14. Qe2 O-O 15. fxe5 Nc5 16. Bc4 Re8 17. Bxf7+ Kh8 18. Bxe8 Qxe8 19. Nd2 Qe6 20. Nf3 Ba6 21. Qd1 Bxf1 22. Qxf1 Rf8 23. Be3 Nd7 24. Qd3 Nxe5 25. Qxh7+ Kxh7 26. Ng5+ Kg6 27. Nxe6 Rf7 28. Nf4+ Kf5 29. Nh3 Nc4 30. Rf1+ Ke6 31. Ng5+ Kd5 32. Rxf7 Nxe3 33. Rxc7 a5 34. b3 g6 35. h3 Nd1 36. Kf1 Kd6 37. Ke2 Nb2 38. Rg7 a4 39. Rxg6+ Kc7 40. bxa4 Nxa4 41. Kd2 Nc5 42. Ne6+ Kd7 43. Nxc5+ 1-0

[Event "Toronto int."]
[Site "Toronto CAN"]
[Date "1997.05.17"]
[Round "3"]
[White "Tipu, Vincent"]
[Black "Nickoloff, Bryon"]
[Result "1/2-1/2"]
[WhiteElo "2367"]
[BlackElo "2475"]
[PlyCount "76"]
[GameId "2160767911966013"]
[EventDate "1997.05.16"]
[EventType "swiss"]
[EventRounds "7"]
[EventCountry "CAN"]

1. Nc3 c5 2. Nf3 Nf6 3. d4 cxd4 4. Nxd4 a6 5. Bg5 e6 6. e4 d6 7. f4 Qc7 8. Qf3 b5 9. Bd3 Nbd7 10. O-O-O Bb7 11. Rhe1 O-O-O 12. a3 Be7 13. Qg3 Nc5 14. f5 Kb8 15. Kb1 Rhe8 16. fxe6 fxe6 17. Be3 Bf8 18. Bg1 d5 19. Qxc7+ Kxc7 20. exd5 exd5 21. Bf5 Bc8 22. Bxc8 Kxc8 23. Nf5 Nce4 24. Bd4 Nxc3+ 25. Bxc3 Rxe1 26. Rxe1 Re8 27. Kc1 Rxe1+ 28. Bxe1 g6 29. Nd4 Bd6 30. h3 Ne4 31. Nf3 Kd7 32. Kd1 Bf4 33. Ke2 Ke6 34. Nd2 Nxd2 35. Bxd2 Be5 36. c3 d4 37. Kd3 dxc3 38. Bxc3 Bf4 1/2-1/2

[Event "Toronto int."]
[Site "Toronto CAN"]
[Date "1997.05.17"]
[Round "3"]
[White "Vranesic, Zvonko"]
[Black "Schleifer, Michael"]
[Result "1-0"]
[WhiteElo "2358"]
[BlackElo "2439"]
[PlyCount "81"]
[GameId "2160767911966014"]
[EventDate "1997.05.16"]
[EventType "swiss"]
[EventRounds "7"]
[EventCountry "CAN"]

1. d4 f5 2. g3 Nf6 3. Bg2 e6 4. Nf3 d5 5. O-O Bd6 6. c4 c6 7. b3 O-O 8. Ba3 Bxa3 9. Nxa3 Qe7 10. Qc1 Nbd7 11. Qb2 Ne4 12. Nc2 f4 13. Nce1 fxg3 14. hxg3 b5 15. cxb5 cxb5 16. Nd3 a5 17. Nde5 b4 18. a3 Ba6 19. Nxd7 Qxd7 20. axb4 axb4 21. Ne5 Qb5 22. Bxe4 dxe4 23. Ra2 Bb7 24. Rxa8 Rxa8 25. e3 Bd5 26. Rc1 Qe8 27. Kg2 h6 28. Qd2 Rb8 29. Rc7 h5 30. Qc2 h4 31. gxh4 Qd8 32. Nd7 Ra8 33. Nb6 Rb8 34. Nd7 Ra8 35. Nb6 Rb8 36. Nxd5 exd5 37. Qc6 Kh7 38. Qd7 Qf6 39. Qf7 Qh6 40. Qxd5 Qxh4 41. Qf5+ 1-0

[Event "Toronto int."]
[Site "Toronto CAN"]
[Date "1997.05.18"]
[Round "4"]
[White "Allan, Denis"]
[Black "Tipu, Vincent"]
[Result "0-1"]
[WhiteElo "2394"]
[BlackElo "2367"]
[PlyCount "61"]
[GameId "2160767911966016"]
[EventDate "1997.05.16"]
[EventType "swiss"]
[EventRounds "7"]
[EventCountry "CAN"]

1. d4 b5 2. c3 e6 3. Qb3 a6 4. a4 bxa4 5. Rxa4 Nf6 6. Nf3 Be7 7. Nbd2 O-O 8. e4 d6 9. Bd3 Nbd7 10. Qc2 h6 11. O-O c5 12. e5 Nd5 13. exd6 Bxd6 14. Ne4 N7b6 15. Nxd6 Qxd6 16. dxc5 Qxc5 17. Rh4 Bb7 18. Bxh6 f5 19. Bxg7 Kxg7 20. Qc1 Rf6 21. Ne5 Rg8 22. c4 Kf8 23. Rh6 Ke8 24. Re1 Nf4 25. g3 Rxg3+ 26. hxg3 Rxh6 27. Be4 Bxe4 28. Rxe4 Nh3+ 29. Kh1 Nxf2+ 30. Kg2 Nxe4 31. Nd3 0-1

[Event "Toronto int."]
[Site "Toronto CAN"]
[Date "1997.05.18"]
[Round "4"]
[White "Ciaffone, Robert"]
[Black "Spraggett, Grant"]
[Result "0-1"]
[WhiteElo "2305"]
[BlackElo "2432"]
[PlyCount "78"]
[GameId "2160767911966017"]
[EventDate "1997.05.16"]
[EventType "swiss"]
[EventRounds "7"]
[EventCountry "CAN"]

1. Nf3 Nf6 2. c4 g6 3. Nc3 Bg7 4. e4 d6 5. d4 O-O 6. Be2 e5 7. O-O Nc6 8. d5 Ne7 9. Nd2 c5 10. a3 Ne8 11. b4 b6 12. Rb1 f5 13. f3 f4 14. Nb3 g5 15. bxc5 bxc5 16. Na4 Qc7 17. Bd2 Bd7 18. Na5 Rb8 19. Qc2 Nf6 20. Rfc1 h5 21. Bd1 Kh7 22. Qa2 g4 23. Rxb8 Qxb8 24. Qb1 Qe8 25. Nb7 Nc8 26. Ba5 gxf3 27. gxf3 Rg8 28. Kf2 Bh6 29. Naxc5 dxc5 30. Nxc5 Qg6 31. Be2 Qg2+ 32. Ke1 Qg1+ 33. Kd2 Qxc5 34. Bb4 Qd4+ 35. Qd3 Qb2+ 36. Rc2 Qb1 37. Rc1 Qb2+ 38. Rc2 Qb1 39. Rc1 Qxd3+ 0-1

[Event "Toronto int."]
[Site "Toronto CAN"]
[Date "1997.05.18"]
[Round "4"]
[White "Craggs, Michael"]
[Black "Boross-Harmer, Peter"]
[Result "0-1"]
[WhiteElo "1725"]
[BlackElo "2044"]
[PlyCount "65"]
[GameId "2160767911966018"]
[EventDate "1997.05.16"]
[EventType "swiss"]
[EventRounds "7"]
[EventCountry "CAN"]

1. e4 c6 2. Nf3 d5 3. exd5 cxd5 4. d4 Nc6 5. Bf4 Nf6 6. h3 Bf5 7. c3 a6 8. a4 e6 9. Bd3 Bxd3 10. Qxd3 Bd6 11. Bxd6 Qxd6 12. O-O O-O 13. Nbd2 Nd7 14. Rfe1 Rad8 15. Re2 h6 16. Rae1 Nb6 17. b3 Rc8 18. Ne5 Rc7 19. Ra1 Rfc8 20. Ndf3 Na5 21. c4 dxc4 22. Qc3 Nxb3 23. Qe1 Nxa1 24. Nxf7 Rxf7 25. Rxe6 Qd5 26. Re5 Nc2 27. Qb1 Nxd4 28. Rxd5 Nxf3+ 29. gxf3 Nxd5 30. Qe4 c3 31. Qe6 Ne7 32. Qe3 c2 33. Qc1 0-1

[Event "Toronto int."]
[Site "Toronto CAN"]
[Date "1997.05.18"]
[Round "4"]
[White "Djerkovic, Miladin"]
[Black "Kamberi, Sonny"]
[Result "1-0"]
[WhiteElo "2388"]
[BlackElo "2318"]
[PlyCount "75"]
[GameId "2160767911966019"]
[EventDate "1997.05.16"]
[EventType "swiss"]
[EventRounds "7"]
[EventCountry "CAN"]

1. e4 c5 2. Nf3 d6 3. d4 cxd4 4. Nxd4 Nf6 5. Nc3 g6 6. Bc4 Bg7 7. h3 O-O 8. Bb3 Nc6 9. Be3 Bd7 10. O-O a6 11. Re1 b5 12. a4 b4 13. Nd5 Nxd5 14. exd5 Na5 15. Qd2 Nxb3 16. cxb3 Qa5 17. Nc6 Bxc6 18. dxc6 Bf6 19. Rac1 Rfc8 20. Rc4 Rc7 21. Rxb4 Qh5 22. Rc1 Qe5 23. Rc2 h5 24. Bd4 Qe6 25. Bxf6 Qxf6 26. Rb7 Rcc8 27. b4 Qe5 28. Qc3 Qe4 29. Rc1 e5 30. Qc4 Qf5 31. b5 axb5 32. axb5 e4 33. Rd1 Ra5 34. b4 Ra3 35. b6 d5 36. Qxd5 Qxd5 37. Rxd5 Rxc6 38. Ra7 1-0

[Event "Toronto int."]
[Site "Toronto CAN"]
[Date "1997.05.18"]
[Round "4"]
[White "Filipovich, David"]
[Black "Thiele, Frank"]
[Result "1-0"]
[WhiteElo "2332"]
[BlackElo "2076"]
[PlyCount "61"]
[GameId "2160767911966020"]
[EventDate "1997.05.16"]
[EventType "swiss"]
[EventRounds "7"]
[EventCountry "CAN"]

1. Nf3 d5 2. g3 c6 3. Bg2 Nf6 4. c4 Bg4 5. cxd5 cxd5 6. Ne5 Be6 7. Nc3 Nc6 8. Nxc6 bxc6 9. d4 g6 10. O-O Bg7 11. Bf4 O-O 12. Na4 Nd7 13. Rc1 Rc8 14. Qd2 Bf5 15. b3 e5 16. dxe5 Bxe5 17. Bxe5 Nxe5 18. Qe3 Re8 19. Qxa7 Ng4 20. Rfe1 h5 21. Qd4 g5 22. Nc5 Qd6 23. e4 Bg6 24. h3 Nh6 25. exd5 Nf5 26. Rxe8+ Rxe8 27. Qd2 cxd5 28. Qxd5 Qb6 29. Nd7 Qa6 30. Rc6 Re1+ 31. Kh2 1-0

[Event "Toronto int."]
[Site "Toronto CAN"]
[Date "1997.05.18"]
[Round "4"]
[White "Findlay, Ian"]
[Black "Campbell, Brett"]
[Result "1-0"]
[WhiteElo "2435"]
[BlackElo "2325"]
[PlyCount "43"]
[GameId "2160767911966021"]
[EventDate "1997.05.16"]
[EventType "swiss"]
[EventRounds "7"]
[EventCountry "CAN"]

1. e4 e5 2. Nf3 Nc6 3. Bb5 Nge7 4. O-O d6 5. c3 Bd7 6. d4 Ng6 7. Be3 Be7 8. Nbd2 O-O 9. dxe5 dxe5 10. Nb3 Qc8 11. h3 Bxh3 12. gxh3 Qxh3 13. Nh2 f5 14. Qf3 Qxf3 15. Nxf3 f4 16. Bc5 Bxc5 17. Nxc5 Kh8 18. Nxb7 Nce7 19. b4 Rab8 20. Ba6 Rf6 21. Nc5 Nf8 22. Rfd1 1-0

[Event "Toronto int."]
[Site "Toronto CAN"]
[Date "1997.05.18"]
[Round "4"]
[White "Hum, Peter"]
[Black "Turtel, Evan"]
[Result "1/2-1/2"]
[WhiteElo "2237"]
[BlackElo "2111"]
[PlyCount "39"]
[GameId "2160767911966023"]
[EventDate "1997.05.16"]
[EventType "swiss"]
[EventRounds "7"]
[EventCountry "CAN"]

1. d4 d5 2. Bg5 c5 3. e4 Nf6 4. e5 Ne4 5. Be3 cxd4 6. Bxd4 Nc6 7. f3 Ng5 8. Nc3 Ne6 9. Bb5 a6 10. Bxc6+ bxc6 11. Nge2 Bb7 12. Bf2 g5 13. h4 Qc7 14. Qd2 Qxe5 15. O-O-O O-O-O 16. Bg3 Qf5 17. Na4 Rd6 18. Nb6+ Kd8 19. Bxd6 exd6 20. Qa5 1/2-1/2